000 00589nam a2200193Ia 4500
003 GCL
008 140319s9999 xx 000 0 ara d
040 _aGCL /
_cGCL
082 0 4 _a811.4
_bح ز
100 1 _aحسين احمد عطوان
245 1 0 _aالزندقة والشعوبية فى العصر العباسى الاول /
_cحسين احمد عطوان
260 _a[S.N] :
_bدار الجيل
300 _a216 ص
490 _a
650 0 4 _aالشعر العربى
650 0 4 _aالادب العربى
650 0 4 _aالالحاد والملحدون
942 _2ddc
_cBK
999 _c55887
_d55887